000 00292nam a2200121Ia 4500
008 190216s9999||||xx |||||||||||||| ||und||
100 _aDas Gupta And Prasad
245 0 _aDegree Level Real Analysis
260 _bBharatibhawan
_c1984
300 _a260p
650 _aMathematics
942 _cBK
999 _c30981
_d30981